Tributación en América Latina : (Registro nro. 7611)
[ vista simple ]
| 000 -LEADER | |
|---|---|
| fixed length control field | 01391nam a2200289Ia 4500 |
| 003 - CONTROL NUMBER IDENTIFIER | |
| control field | OSt |
| 005 - DATE AND TIME OF LATEST TRANSACTION | |
| control field | 20210419104515.0 |
| 008 - FIXED-LENGTH DATA ELEMENTS--GENERAL INFORMATION | |
| fixed length control field | 210310s2006 cl gr 100 0 spa d |
| 020 ## - INTERNATIONAL STANDARD BOOK NUMBER | |
| International Standard Book Number | 9213229658 |
| 040 ## - CATALOGING SOURCE | |
| Original cataloging agency | CO-JMCR |
| Transcribing agency | CO-JMCR |
| 041 0# - LANGUAGE CODE | |
| Language code of text/sound track or separate title | spa |
| 082 04 - DEWEY DECIMAL CLASSIFICATION NUMBER | |
| Classification number | 336.2 / |
| Item number | T147t |
| Edition number | 23 |
| 111 2# - MAIN ENTRY--MEETING NAME | |
| Meeting name or jurisdiction name as entry element | Taller sobre Tributación en América Latina |
| Date of meeting or treaty signing | (2005 : |
| Location of meeting | Chile) |
| 9 (RLIN) | 36957 |
| 245 10 - TITLE STATEMENT | |
| Title | Tributación en América Latina : |
| Remainder of title | en busca de una nueva agenda de reformas / |
| Statement of responsibility, etc. | compiladores, Oscar Cetrángolo, Juan Carlos Gómez Sabaini |
| 260 ## - PUBLICATION, DISTRIBUTION, ETC. | |
| Place of publication, distribution, etc. | Chile : |
| Name of publisher, distributor, etc. | Cepal, |
| Date of publication, distribution, etc. | 2006 |
| 300 ## - PHYSICAL DESCRIPTION | |
| Other physical details | 160 páginas ; |
| Dimensions | 23 cm. |
| 490 0# - SERIES STATEMENT | |
| Series statement | Libros de la Cepal ; |
| Volume/sequential designation | 93 |
| 500 ## - GENERAL NOTE | |
| General note | Incluye notas a pie de página. |
| 504 ## - BIBLIOGRAPHY, ETC. NOTE | |
| Bibliography, etc. note | Bibliografía al final de cada capítulo. |
| 505 0# - FORMATTED CONTENTS NOTE | |
| Title | Evolución y situación tributaria actual en América Latina: una serie de temas para la discusión / |
| Statement of responsibility | Juan Gómez Sabaini |
| Title | La administración tributaria en América Latina: algunas tendencias y desafíos / |
| Statement of responsibility | Katherine Baer |
| 650 14 - SUBJECT ADDED ENTRY--TOPICAL TERM | |
| Topical term or geographic name entry element | Recaudación de impuestos |
| 9 (RLIN) | 14937 |
| Form subdivision | Congresos, conferencias, etc. |
| Geographic subdivision | América Latina |
| 650 24 - SUBJECT ADDED ENTRY--TOPICAL TERM | |
| Topical term or geographic name entry element | Impuestos |
| Form subdivision | Congresos, conferencias, etc. |
| Geographic subdivision | América Latina |
| 9 (RLIN) | 36958 |
| 650 24 - SUBJECT ADDED ENTRY--TOPICAL TERM | |
| Topical term or geographic name entry element | Reforma tributaria |
| Form subdivision | Congresos, conferencias, etc. |
| Geographic subdivision | América Latina |
| 9 (RLIN) | 36959 |
| 700 1# - ADDED ENTRY--PERSONAL NAME | |
| Personal name | Cetrángolo, Oscar, |
| Relator term | compilador |
| 9 (RLIN) | 36960 |
| 700 1# - ADDED ENTRY--PERSONAL NAME | |
| Personal name | Gómez Sabaini, Juan Carlos, |
| Relator term | compilador |
| 9 (RLIN) | 6517 |
| 942 ## - ADDED ENTRY ELEMENTS (KOHA) | |
| Source of classification or shelving scheme | Dewey Decimal Classification |
| Koha item type | Books |
| Withdrawn status | Lost status | Source of classification or shelving scheme | Damaged status | Not for loan | Collection code | Home library | Current library | Date acquired | Source of acquisition | Full call number | Barcode | Date last seen | Copy number | Koha item type |
|---|---|---|---|---|---|---|---|---|---|---|---|---|---|---|
| Dewey Decimal Classification | Non-fiction | Biblioteca Pública José María del Castillo y Rada | Biblioteca Pública José María del Castillo y Rada | 04/15/2018 | Donación | 336.2 / T147t | 430004605 | 05/16/2024 | Ej.1 | Books |